MARC

LEADER 00000nam a2200000 a 4500
005 20120919134653.0
007 cr|||| ||||
008 031110s2003 sp |||||| 000 ||spa|c
017 |a DL M. 29388-2003 
020 |a 8470887343 
035 |a 6622 
040 |a vLex 
043 |a e-sp---  |b e-sp---  |2 catmarc 
080 |a 352:681.3(460) 
080 |a 351.817(460) 
080 |a 352:004 
090 |c 3451  |d 3451 
100 1 |a Garca̕ Rubio, Fernando 
245 1 4 |a Las Nuevas tecnologa̕s ante el derecho y la organizacin̤ administrativa   |h [Recurso electrn̤ico] :  |b un estudio sobre las repercusiones en la administracin̤ local /  |c Fernando Garca̕ Rubio 
256 |a Servicio en ln̕ea 
260 |a Madrid :  |b Instituto Nacional de Administracin̤ Pb︢lica,  |c 2003 
300 |a 1 recurso electrn̤ico 
490 1 |a Estudios 
500 |a En la cubierta : Ministerio de Administraciones Pb︢licas 
504 |a Referencias bibliogrf̀icas 
506 1 |a Contenido solo disponible en los productos indicados  |d vLex Global   |d vLex Global (Academic Edition, excluding Law Schools)   |d vLex Global (U.S. Academic Edition, Law Schools)   |d vLex Global (U.S. Academic Edition, excluding Law Schools)   |d vLex Global (Academic Edition, Law Schools)  
650 0 4 |a Telecomunicacin̤  |x Derecho  |z Espaą 
650 0 4 |a Administracin̤ local  |z Espaą  |x Automatitzacin̤ 
650 0 4 |a Administracin̤ electrn̤ica  |z Espaą 
650 0 4 |a Administracin̤ local  |z Espaą  |x Tecnologa̕ de la informaci̤ 
650 0 4 |a Internet en la administracin̤ pb︢lica  |z Espaą 
710 1 |a Espaą.  |b Ministerio para las Administraciones Pb︢licas 
710 1 |a Instituto Nacional de Administracin̤ Pb︢lica (Espaą) 
740 0 |a vLex Libros (Servicio en ln̕ea) 
830 0 |a Estudios (Instituto Nacional de Administracin̤ Pb︢lica (Espaą)) 
856 4 0 |u http://vlex.com/source/nuevas-tecnologias-derecho-organizacion-administrativa-6622  |z Acceso restringido 
942 |c BOOK 
999 0 |a Telecommunication 
999 0 |a Local government 
999 0 |a Internet in public administration